Tự thuật Câu chuyện các thử nghiệm của tôi với chân lý
Na minha lista:
| Autor principal: | |
|---|---|
| Formato: | Livro |
| Idioma: | Undetermined |
| Publicado em: |
Hà Nội
VHTT
1997
|
| Assuntos: | |
| Tags: |
Adicionar Tag
Sem tags, seja o primeiro a adicionar uma tag!
|
| Thư viện lưu trữ: | Trung tâm Học liệu Trường Đại học Cần Thơ |
|---|
| LEADER | 00623nam a2200181Ia 4500 | ||
|---|---|---|---|
| 001 | CTU_27743 | ||
| 008 | 210402s9999 xx 000 0 und d | ||
| 082 | |a 891.47 | ||
| 082 | |b G195 | ||
| 100 | |a Mohandas K Gandhi | ||
| 245 | 0 | |a Tự thuật | |
| 245 | 0 | |b Câu chuyện các thử nghiệm của tôi với chân lý | |
| 245 | 0 | |c Mohandas K Gandhi; Dịch giả: Lê Ngọc, Vũ Đình Phòng, Đỗ Đức Thịnh | |
| 260 | |a Hà Nội | ||
| 260 | |b VHTT | ||
| 260 | |c 1997 | ||
| 650 | |a indian literature - history and criticism | ||
| 980 | |a Trung tâm Học liệu Trường Đại học Cần Thơ | ||